<?xml version="1.0" encoding="UTF-8"?><?xml-stylesheet type="text/xsl" href="static/style.xsl"?><OAI-PMH xmlns="http://www.openarchives.org/OAI/2.0/" xmlns:xsi="http://www.w3.org/2001/XMLSchema-instance" xsi:schemaLocation="http://www.openarchives.org/OAI/2.0/ http://www.openarchives.org/OAI/2.0/OAI-PMH.xsd"><responseDate>2026-04-29T22:57:46Z</responseDate><request verb="GetRecord" identifier="oai:repisalud.isciii.es:20.500.12105/26090" metadataPrefix="marc">https://repisalud.isciii.es/rest/oai/request</request><GetRecord><record><header><identifier>oai:repisalud.isciii.es:20.500.12105/26090</identifier><datestamp>2025-12-18T12:55:51Z</datestamp><setSpec>com_20.500.12105_2052</setSpec><setSpec>com_20.500.12105_2051</setSpec><setSpec>col_20.500.12105_19610</setSpec><setSpec>col_20.500.12105_19617</setSpec></header><metadata><record xmlns="http://www.loc.gov/MARC21/slim" xmlns:dcterms="http://purl.org/dc/terms/" xmlns:doc="http://www.lyncode.com/xoai" xmlns:xsi="http://www.w3.org/2001/XMLSchema-instance" xsi:schemaLocation="http://www.loc.gov/MARC21/slim http://www.loc.gov/standards/marcxml/schema/MARC21slim.xsd">
   <leader>00925njm 22002777a 4500</leader>
   <datafield ind2=" " ind1=" " tag="042">
      <subfield code="a">dc</subfield>
   </datafield>
   <datafield ind2=" " ind1=" " tag="720">
      <subfield code="a">Torres-Ruiz, Mónica</subfield>
      <subfield code="e">author</subfield>
   </datafield>
   <datafield ind2=" " ind1=" " tag="720">
      <subfield code="a">De la Vieja, Antonio</subfield>
      <subfield code="e">author</subfield>
   </datafield>
   <datafield ind2=" " ind1=" " tag="720">
      <subfield code="a">De Alba-González, Mercedes</subfield>
      <subfield code="e">author</subfield>
   </datafield>
   <datafield ind2=" " ind1=" " tag="720">
      <subfield code="a">Esteban-Lopez, Marta</subfield>
      <subfield code="e">author</subfield>
   </datafield>
   <datafield ind2=" " ind1=" " tag="720">
      <subfield code="a">Castaño, Argelia</subfield>
      <subfield code="e">author</subfield>
   </datafield>
   <datafield ind2=" " ind1=" " tag="720">
      <subfield code="a">Cañas Portilla, Ana Isabel</subfield>
      <subfield code="e">author</subfield>
   </datafield>
   <datafield ind2=" " ind1=" " tag="260">
      <subfield code="c">2021-11-25</subfield>
   </datafield>
   <datafield ind2=" " ind1=" " tag="520">
      <subfield code="a">Nanoplastics (NP) are an emerging threat to human health and there is a need to understand their toxicity. Zebrafish (ZF) is extensively used as a toxicology model due to its power to com-bine genetic, cellular, and whole organism endpoints. The present review integrates results regarding polystyrene NP effects on ZF embryo development. Study design was evaluated against NP effects. NP size, concentration, and exposure time did not affect organism responses (mortality, development, heart rate, locomotion) or cellular responses (gene expression, enzymes, metabolites). However, NP accumulation depended on size. Smaller NP can reach internal organs (brain, eyes, liver, pancreas, heart) but larger (>200 nm) accumulate mainly in gut, gills and skin. Locomotion and heart rate were commonly affected with hypoactivity and bradycardia being more prevalent. Effects on genetic/enzymatic/metabolic pathways were thoroughly analyzed. Immunity genes were generally upregulated whereas oxidative stress response genes varied. Central nervous system genes and visual related genes were generally downregulated. Results of genetic and enzymatic analyses coincided only for some genes/enzyme pairs. Reviewed studies provide a basis for understanding NP toxicity but results are hard to integrate. We propose key recommendations and future directions with regard to experimental design that may allow greater comparability across future studies.</subfield>
   </datafield>
   <datafield ind1="8" ind2=" " tag="024">
      <subfield code="a">Torres-Ruiz M, De la Vieja A, de Alba Gonzalez M, Esteban Lopez M, Castaño Calvo A, Cañas Portilla AI. Toxicity of nanoplastics for zebrafish embryos, what we know and where to go next. Sci Total Environ. 2021 Nov 25;797:149125.</subfield>
   </datafield>
   <datafield ind1="8" ind2=" " tag="024">
      <subfield code="a">10.1016/j.scitotenv.2021.149125</subfield>
   </datafield>
   <datafield ind1="8" ind2=" " tag="024">
      <subfield code="a">1879-1026</subfield>
   </datafield>
   <datafield ind1="8" ind2=" " tag="024">
      <subfield code="a">0048-9697</subfield>
   </datafield>
   <datafield ind1="8" ind2=" " tag="024">
      <subfield code="a">The Science of the total environment</subfield>
   </datafield>
   <datafield ind1="8" ind2=" " tag="024">
      <subfield code="a">34346375</subfield>
   </datafield>
   <datafield ind1="8" ind2=" " tag="024">
      <subfield code="a">https://hdl.handle.net/20.500.12105/26090</subfield>
   </datafield>
   <datafield tag="653" ind2=" " ind1=" ">
      <subfield code="a">Danio rerio</subfield>
   </datafield>
   <datafield tag="653" ind2=" " ind1=" ">
      <subfield code="a">Nanoparticles</subfield>
   </datafield>
   <datafield tag="653" ind2=" " ind1=" ">
      <subfield code="a">Plastic</subfield>
   </datafield>
   <datafield tag="653" ind2=" " ind1=" ">
      <subfield code="a">Polystyrene</subfield>
   </datafield>
   <datafield tag="653" ind2=" " ind1=" ">
      <subfield code="a">Toxicology</subfield>
   </datafield>
   <datafield ind2="0" ind1="0" tag="245">
      <subfield code="a">Toxicity of nanoplastics for zebrafish embryos, what we know and where to go next</subfield>
   </datafield>
</record></metadata></record></GetRecord></OAI-PMH>